| 000 | 00648nam a2200229Ia 4500 | ||
|---|---|---|---|
| 003 | OSt | ||
| 005 | 20220925201952.0 | ||
| 006 | a|||||r|||| 00| 0 | ||
| 007 | ta | ||
| 008 | 220923b |||||||| |||| 00| 0 eng d | ||
| 037 | _cGeneral Book | ||
| 040 |
_aRTL _cRTL _beng |
||
| 041 |
_2eng _aeng |
||
| 082 | _aY:3(Q), N6 | ||
| 100 |
_aBruce Steve _9142055 |
||
| 245 | 0 |
_aReligion in the modern world _b From cathedrals to cults |
|
| 260 |
_aDelhi _bOxford University Press _c1996 |
||
| 300 |
_avi,256p _ccm. |
||
| 500 | _aBibliography: P 235-251 | ||
| 942 |
_hY:3(Q), N6 _cGB _2CC |
||
| 999 |
_c541986 _d541986 |
||